书目信息 |
| 题名: |
建筑地面与楼面手册
|
|
| 作者: | 邓学才 主编 | |
| 分册: | ||
| 出版信息: | 北京 中国建筑工业出版社 2005.11 |
|
| 页数: | 677页 | |
| 开本: | 26cm | |
| 丛书名: | 建筑装饰装修技术系列手册 | |
| 单 册: | ||
| 中图分类: | TU767-62 | |
| 科图分类: | ||
| 主题词: | 地面工程--di mian gong cheng--工程设工--技术手册 | |
| 电子资源: | ||
| ISBN: | 7-112-07757-5 | |
| 000 | 01049nam 2200253 450 | |
| 001 | 012006865858 | |
| 005 | 20191104145320.88 | |
| 010 | @a7-112-07757-5@b精装@dCNY85.00 | |
| 100 | @a20060321d2005 km y0chiy0120 ea | |
| 101 | 0 | @achi |
| 102 | @aCN@b110000 | |
| 105 | @ak a 000yy | |
| 200 | 1 | @a建筑地面与楼面手册@Ajian zhu di mian yu lou mian shou ce@f邓学才主编@Fdeng xue cai zhu bian |
| 210 | @a北京@c中国建筑工业出版社@d2005.11 | |
| 215 | @a677页@d26cm | |
| 225 | 2 | @a建筑装饰装修技术系列手册@Ajian zhu zhuang shi zhuang xiu ji shu xi lie shou ce |
| 320 | @a有书目 (第676-677页)。 | |
| 330 | @a本书全面、系统地介绍了各类楼面、地面设计和施工的丰富经验。全书共11章,对每种地面都从地面构造类型和设计要点、使用材料和质量要求、施工准备和施工工艺、施工要点和技术措施、质量标准和检验方法、质量通病。 | |
| 410 | 0 | @12001 @a建筑装饰装修技术系列手册 |
| 606 | 0 | @a地面工程@Adi mian gong cheng@x工程设工@j技术手册 |
| 690 | @aTU767-62@v4 | |
| 701 | 0 | @a邓学才@Adeng xue cai@4主编 |
| 801 | 0 | @aCN@bQSSK@c20060321 |
| 905 | @a10447@dTU767-62@eD320 | |
| 建筑地面与楼面手册/邓学才主编.-北京:中国建筑工业出版社,2005.11 |
| 677页;26cm.-(建筑装饰装修技术系列手册) |
| ISBN 7-112-07757-5(精装):CNY85.00 |
| 本书全面、系统地介绍了各类楼面、地面设计和施工的丰富经验。全书共11章,对每种地面都从地面构造类型和设计要点、使用材料和质量要求、施工准备和施工工艺、施工要点和技术措施、质量标准和检验方法、质量通病。 |
| ● |
| 相关链接 |
|
|
|
正题名:建筑地面与楼面手册
索取号:TU767-62/D320
 
预约/预借
| 序号 | 登录号 | 条形码 | 馆藏地/架位号 | 状态 | 备注 |
| 1 | 1448482 | 214484823 | 建筑库201/201建筑库 47排4列2层/ [索取号:TU767-62/D320] | 在馆 | |
| 2 | 1448484 | 214484841 | 建筑库201/201建筑库 47排4列2层/ [索取号:TU767-62/D320] | 在馆 | |
| 3 | 1448485 | 214484850 | 建筑库201/201建筑库 47排4列2层/ [索取号:TU767-62/D320] | 在馆 | |
| 4 | 1448486 | 214484869 | 建筑库201/201建筑库 47排4列2层/ [索取号:TU767-62/D320] | 在馆 | |
| 5 | 1448487 | 214484878 | 建筑库201/201建筑库 47排4列2层/ [索取号:TU767-62/D320] | 在馆 | |
| 6 | 1448489 | 214484896 | 建筑库201/201建筑库 47排4列2层/ [索取号:TU767-62/D320] | 在馆 | |
| 7 | 556502 | 205565020 | 建筑库201/201建筑库 47排4列2层/ [索取号:TU767-62/D320] | 在馆 | |
| 8 | 556503 | 205565039 | 建筑库201/201建筑库 47排4列2层/ [索取号:TU767-62/D320] | 在馆 |